000 00666nam a2200241Ia 4500
999 _c45319
_d45319
001 12143
003 GE_BSU
005 20221114145752.0
008 181216s2011||||enk|||||||||||||| ||eng||
020 _a9780470748336x
040 _cGE_BSU
041 _aeng
080 _a577 F-88
100 _aFreeland, Joanna R.
_914755
245 _aMolecular Ecology.
_cJoanna R Freeland; Stephen D. Petersen.
264 _aOxford:
_bWiley-BlackWell,
_c2011.
300 _a449 p.:
_bill.;
_c25 cm.
300 _bill.
653 _aMolecular Ecology.
653 _aეკოლოგია
700 _aPetersen, Stephen D.
_eავტორი
_914756
942 _cBK
_2udc